Phân tích tác động đa dạng hóa thu nhập lên hiệu quả kinh doanh của các ngân hàng thương mại Việt Nam : Luận văn tốt nghiệp cao học. Chuyên ngành Tài chính - Ngân hàng

Phân tích tác động của đa dạng hóa thu nhập và thu nhập ngoài lãi đến hiệu quả hoạt động kinh doanh của các NHTM Việt Nam; Phân tích ảnh hưởng của đa dạng hóa thu nhập và thu nhập ngoài lãi đến sự đánh đổi giữa lợi nhuận và rủi ro (thông qua...

Disgrifiad llawn

Wedi'i Gadw mewn:
Manylion Llyfryddiaeth
Prif Awdur: Phạm, Xuân Quỳnh
Fformat: Llyfr
Iaith:Undetermined
Cyhoeddwyd: Cần Thơ Trường Đại học Cần Thơ 2016
Pynciau:
Tagiau: Ychwanegu Tag
Dim Tagiau, Byddwch y cyntaf i dagio'r cofnod hwn!
Thư viện lưu trữ: Trung tâm Học liệu Trường Đại học Cần Thơ
LEADER 01606nam a2200217Ia 4500
001 CTU_209411
008 210402s9999 xx 000 0 und d
082 |a 332.12 
082 |b Qu609 
088 |a 60340201 
100 |a Phạm, Xuân Quỳnh 
245 0 |a Phân tích tác động đa dạng hóa thu nhập lên hiệu quả kinh doanh của các ngân hàng thương mại Việt Nam : 
245 0 |b Luận văn tốt nghiệp cao học. Chuyên ngành Tài chính - Ngân hàng 
245 0 |c Phạm Xuân Quỳnh ; Lê Long Hậu ( Hướng dẫn lhoa học ) 
260 |a Cần Thơ 
260 |b Trường Đại học Cần Thơ 
260 |c 2016 
520 |a Phân tích tác động của đa dạng hóa thu nhập và thu nhập ngoài lãi đến hiệu quả hoạt động kinh doanh của các NHTM Việt Nam; Phân tích ảnh hưởng của đa dạng hóa thu nhập và thu nhập ngoài lãi đến sự đánh đổi giữa lợi nhuận và rủi ro (thông qua hiệu quả kinh doanh có điều chỉnh rủi ro)của các NHTM Việt Nam; Phân tích ảnh hưởng của từng nguồn thu nhập ngoài lãi đến hiệu quả kinh doanh ngân hàng; Đề xuất một số kiến nghị giúp nâng cao hiệu quả kinh doanh cho các NHTM Việt Nam 
650 |a Ngân hàng thương mại,Commercial bank 
904 |i Lê Thị Mỹ Linh (Nguyên) 
980 |a Trung tâm Học liệu Trường Đại học Cần Thơ